| 000 | 00676cab a2200205 4500 | ||
|---|---|---|---|
| 001 | ABS42928 | ||
| 008 | 090401t1990 xxu||||| |||| 00| 0 eng d | ||
| 035 | _a(Sirsi) u39615 | ||
| 041 | _aeng | ||
| 100 | _aRaw, G. | ||
| 245 | _aSick building syndrome | ||
| 260 | _c1990 | ||
| 350 | _a0 | ||
| 490 |
_aBuilding Services & Environmental Engineer _v12(10) June 1990, 12(1) |
||
| 520 | _aSummarises what is meant by sick building syndrome , its causes, what research is needed and the rationale behind current Building Research Establishment investigations. | ||
| 650 | _aVENTILATION | ||
| 690 | _aOFFICE SERVICES AND ADMINISTRATION | ||
| 942 | _n0 | ||
| 948 | _c04/03/1997 | ||
| 999 |
_c25399 _d25399 |
||